MARC

LEADER 00000nam0a2200000 4500
001 15207
005 20231101205011.0
010 |a 5863180900 
035 |a (RuTPU)RU\TPU\book\15313 
035 |a BOOK00015382 
090 |a 15207 
100 |a 20011209d1994 m y0rusy50 ca 
101 0 |a rus 
102 |a RU 
105 |a y j 000zy 
200 1 |a Социология конфликта: Россия на путях преодоления кризиса  |e Пособие для студентов вузов  |f А. Г. Здравомыслов 
210 |a Москва  |c Аспект Пресс  |d 1994 
215 |a 316 с. 
225 1 |a Программа: Обновление гуманитарного образования в России 
606 1 |a Социальные конфликты  |2 stltpush  |3 (RuTPU)RU\TPU\subj\71916  |9 85587 
610 1 |a социология 
610 1 |a Российская Федерация 
610 1 |a политика 
610 1 |a политический процесс 
610 1 |a конфликт социальный 
610 1 |a учебные пособия 
686 |a С55.51я73  |v LBC/SL-A  |2 rubbk 
700 1 |a Здравомыслов  |b А. Г.  |g Андрей Григорьевич 
801 0 |a RU  |b 63413507  |c 20011209  |g PSBO 
801 2 |a RU  |b 63413507  |c 20220526  |g PSBO 
900 |a Конфликтология 
900 |a Социология 
942 |c BK